| 000 -LEADER |
| fixed length control field |
00522nam a2200217Ia 4500 |
| 001 - CONTROL NUMBER |
| control field |
13089 |
| 003 - CONTROL NUMBER IDENTIFIER |
| control field |
GE_BSU |
| 008 - FIXED-LENGTH DATA ELEMENTS--GENERAL INFORMATION |
| fixed length control field |
181216s||||||||xx |||||||||||||| ||und|| |
| 020 ## - INTERNATIONAL STANDARD BOOK NUMBER |
| International Standard Book Number |
0241141605 |
| 040 ## - CATALOGING SOURCE |
| Transcribing agency |
GE_BSU |
| 080 ## - UNIVERSAL DECIMAL CLASSIFICATION NUMBER |
| Universal Decimal Classification number |
821.111-3 |
| 100 ## - MAIN ENTRY--PERSONAL NAME |
| Personal name |
Paretsky,Sara. |
| 245 ## - TITLE STATEMENT |
| Title |
Total Recall. |
| 245 ## - TITLE STATEMENT |
| Remainder of title |
Avi Warshavski novel. |
| 260 ## - PUBLICATION, DISTRIBUTION, ETC. |
| Place of publication, distribution, etc. |
London. |
| 260 ## - PUBLICATION, DISTRIBUTION, ETC. |
| Name of publisher, distributor, etc. |
Hamish Hamilton an imprint of pencuin book. |
| 260 ## - PUBLICATION, DISTRIBUTION, ETC. |
| Date of publication, distribution, etc. |
2001 |
| 300 ## - PHYSICAL DESCRIPTION |
| Extent |
414p;22cm. |
| 653 ## - INDEX TERM--UNCONTROLLED |
| Uncontrolled term |
Total Recall:Avi Warshavski novel. |
| 942 ## - ADDED ENTRY ELEMENTS (KOHA) |
| Koha item type |
წიგნი |